Postavenie dane z nehnuteľností v rozpočtoch vybraných krajín bakalárska práca

Gespeichert in:
Bibliographische Detailangaben
1. Verfasser: Vícenová, Alexandra
Körperschaft: Národohospodárska fakulta EU. Katedra financií
Weitere Verfasser: Tomčiková, Michaela
Format: Buch
Sprache:Slowakisch
Veröffentlicht: Bratislava 2018
Tags: Tag hinzufügen
Keine Tags, Fügen Sie das erste Tag hinzu!

MARC

LEADER 00000nbm a2200000 4500
001 0245903
005 20181214133022.5
041 0 |a slo 
044 |a SK 
245 1 0 |a Postavenie dane z nehnuteľností v rozpočtoch vybraných krajín  |b bakalárska práca  |c Alexandra Vícenová ; školiteľ: Michaela Tomčiková 
264 1 |a Bratislava  |c 2018 
300 |a 53 s. 
100 1 |a Vícenová, Alexandra 
700 1 |a Tomčiková, Michaela 
710 2 |a Národohospodárska fakulta EU. Katedra financií